All countries by population Size (As of 2023) - Statistics

General Stats
  • This quiz has been taken 8,532 times
    2,179 since last reset
  • The average score is 53 of 197
Answer Stats
Pop. Country % Correct
1,429m India . C.
100%
1,425m China . U...
99%
340m USA . I.
99%
277m Indonesia . P.
93%
240m Pakistan . N.
90%
224m Nigeria . B.
88%
216m Brazil . B.
87%
173m Bangladesh . R.
84%
144m Russia . M.
84%
128m Mexico . E.
82%
123m Japan . P.
80%
126m Ethiopia . J.
78%
117m Philippines . E.
77%
112m Egypt . D...
74%
83m Germany . T.
74%
102m DR Congo . V.
73%
85m Turkey . G.
73%
98m Vietnam . I.
73%
89m Iran . T.
72%
67m UK . T.
72%
64m France . S...
71%
71m Thailand . U...
69%
67m Tanzania . F.
67%
58m Italy . K.
66%
60m South Africa . I.
64%
55m Kenya . M.
63%
52m Colombia . S...
58%
54m Myanmar . C.
58%
51m South Korea . U.
58%
47m Spain . A.
56%
48m Uganda . S.
56%
45m Argentina . A.
55%
45m Algeria . I.
53%
44m Sudan . S.
53%
45m Iraq . A.
52%
41m Poland . C.
52%
42m Afghanistan . P.
50%
38m Canada . M.
50%
37m Morocco . S...
46%
36m Ukraine . A.
45%
36m Angola . U.
43%
34m Peru . M.
43%
36m Saudi Arabia . U.
43%
35m Uzbekistan . Y.
42%
34m Yemen . P.
42%
34m Malaysia . G.
41%
34m Ghana . M.
40%
33m Mozambique . N.
38%
30m Nepal . M.
37%
30m Madagascar . C.,,
35%
26m Australia . N.
33%
518 Vatican City
33%
28m Venezuela . C.
32%
28m Cote d'Ivoire . V.
30%
27m Niger . A.
30%
26m North Korea . T.
30%
28m Cameroon . N.
29%
23m Mali . B...
28%
23m Taiwan . M.
28%
23m Burkina Faso . S.
26%
19m Kazakhstan . C.
26%
19m Chile . K.
25%
17m Netherlands . C.
25%
19m Romania . C.
25%
18m Chad . E.
23%
18m Ecuador . S.
23%
12K Nauru. T.
23%
18m Somalia . G.
23%
21m Sri Lanka . M.
23%
23m Syria . S...
23%
11K Tuvalu . V...
23%
20m Zambia . R.
23%
16m Cambodia . Z.
22%
18m Guatemala . S.
22%
14m Guinea . R.
22%
14m Rwanda . B.
22%
16m Zimbabwe . G.
22%
20m Malawi . Z.
21%
17m Senegal . N.
21%
11m Belgium . J.
20%
11m Dominican Republic . C.
20%
11m Haiti . B.
20%
11m Jordan . D...
20%
18K Palau. N.
20%
13m Benin . B.
19%
13m Burundi . T.
19%
10m Czech Republic . A.
19%
10m Hungary . T.
19%
36K Monaco. S...
19%
33K San Marino . P.
19%
10m Sweden . H.
19%
10m Azerbaijan . G.
18%
12m Bolivia . H.
18%
11m Cuba . S...
18%
10m Greece . P...
18%
10m Honduras . C...
18%
10m Portugal . H.
18%
12m Tunisia . B.
18%
10m Papua New Guinea . P.
17%
11m South Sudan . S.
17%
10m UAE . B.
17%
8m Austria . S.
16%
9m Belarus . I.
16%
9m Israel . T.
16%
39K Liechtenstein. M.
16%
8m Switzerland . S...
16%
10m Tajikistan . U...
16%
80K Andorra. D.
15%
8m Sierra Leone . L.
15%
5m Denmark . S.
14%
7m Laos . S.
14%
41K Marshall Islands . L.
14%
47K Saint Kitts & Nevis. M...
14%
7m Serbia . N.
14%
9m Togo . A.
14%
6m Bulgaria . T.
13%
73K Dominica. S...
13%
5m Finland . N.
13%
6m Libya . P.
13%
7m Nicaragua . L.
13%
5m Norway . L.
13%
94K Antigua & Barbuda. A.
12%
6m El Salvador . R/C...
12%
0.1m Kiribati . F...
12%
6m Kyrgyzstan . B.
12%
5m Liberia . S/P...
12%
6m Paraguay . K.
12%
6m Republic of the Congo . S.
12%
0.1m Saint Vincent and Grenadines . S.
12%
6m Singapore . D.
12%
5m Slovakia . C...
12%
0.1m Tonga. S...
12%
6m Turkmenistan . E...
12%
0.2m Barbados . S...
11%
0.1m Federated States of Micronesia . G.
11%
0.1m Grenada . T.
11%
0.1m Saint Lucia .K.
11%
0.1m Seychelles. A...
11%
0.3m Vanuatu . B.
11%
5m Central African Republic . F.
10%
0.6m Luxembourg . M.
10%
5m New Zealand . C...
10%
0.2m Samoa . S...
10%
0.8m Comoros . G.
9%
4m Croatia . E.
9%
0.9m Fiji . C.
9%
0.2m Sao Tome & Principe . S.
9%
0.4m Bahamas . B.
8%
3m Bosnia & Herzegovina . A.
8%
0.4m Brunei . B.
8%
0.5m Cabo Verde . M.
8%
5m Costa Rica . I...
8%
3m Eritrea . G.
8%
3m Georgia . M.
8%
0.7m Guyana . B.
8%
0.3m Iceland . V.
8%
5m Ireland. M.
8%
4m Kuwait . C.
8%
5m Lebanon . N...
8%
2m Lithuania . Q.
8%
0.5m Maldives . B.
8%
0.5m Malta . M.
8%
3m Mongolia . M.
8%
4m Oman . P.
8%
4m Panama . K.
8%
2m Qatar . B.
8%
0.7m Solomon Islands . L.
8%
1m Trinidad and Tobago . B.
8%
3m Uruguay . B...
8%
2m Albania . J.
7%
2m Armenia . G.
7%
1m Bahrain . T...
7%
2m Botswana . N.
7%
1m Djibouti . F.
7%
1m Estonia . M.
7%
2m Gabon . L.
7%
2m Gambia . L.
7%
2m Guinea-Bissau . S.
7%
2m Jamaica . A.
7%
1m Latvia . E...
7%
2m Lesotho. G...
7%
4m Mauritania . O.
7%
1m Mauritius . C.
7%
3m Moldova . U.
7%
2m Namibia . G.
7%
5m State of Palestine . L.
7%
0.4m Belize . I.
6%
0.7m Bhutan . S...
6%
1m Cyprus . E.
6%
1m Equatorial Guinea . T...
6%
1m Eswatini . D.
6%
1m Kosovo . L.
6%
0.6m Montenegro . S.
6%
2m North Macedonia . K.
6%
2m Slovenia . N...
6%
0.6m Suriname . C...
6%
1m Timor-Leste . E.
6%
No matching quizzes found
Score Distribution
Percent of People with Each Score
Percentile by Number Answered
Your Score History
You have not taken this quiz since the last reset